00977 2200205 4500001002100000005001500021035002000036245015600056100001600212250001700228300003200245700002000277700001800297260003100315082000800346084001400354020002200368650001400390520036700404INLIS00000000000013720240508084406 a0010-05240000591 aBupena Buku Penilaian Tema Daerah Tempat Tinggalku dan Kayanya Negeriku Jilid 4D :buntuk SD/MI Kelas IV /cIrine M.J.A; Wini Kristianti; Dhesy Adhalia0 aIrine M.J.A acetakan ke-1 ax, 205 hlm :bilus ;c26 cm0 aWini Kristianti0 aDhesy Adhalia aJakarta :bErlangga,c2016 a500 a500 IRI b a978-602-298-863-2 4aPengayaan aBupena disajikan untuk membantu siswa menerapkan proses pembelajaran secara tuntas berdasarkan Kurikulum 2013 (Revisi 2016). Pendalaman materi untuk mempertajam pemahaman siswa terhadap materi yang sedang dipelajari. Penilaian pengetahuan disajikan dalam tes tertulis, tes lisan, dan penugasan. Penilaian keterampilan dan sikap disajikan dalam kegiatan.